01167cam a22003017a 4500003000500000005001700005008004100022010001000063011001000073035001000083040000900093082001400102100003800116245007800154260004700232300002200279490008900301590004100390590004200431650002800473830009700501901000700598905002400605942001000629949007500639999001700714952013400731CHAP20220329142247.0000406d1990 us r 00010 eng d a80712 a81684 a92160 cCHAP04a305.4bS200aSchuler, Margaret A., ed.910320910aWomen, law and development-action for changec/ed. by Margaret A. Schuler aWashington, DC :bOEF International,c1990 a116 p. :bcuadros 0aSeries on women, law, and development : issues and strategies for change ;nNumber 2 aBATCH-UPDb10c20130110lUCH01h0410 aCONVERSIONb10c20130109lUCH01h134514aMujerxDerechos.97931900aSeries on women, law, and development : issues and strategies for change ;nNumber 29105149 aBK aMarco A. Mendoza T. cLIBRO a305.4 S2bBCcLIBROd33724000774501eLIBROh96717i92160kDonaciØnsi c80712d80712 00102ddc4052708GRALaBCbBCcPA_GRALd2019-12-31fLIBROl0o305.4 S2p33724000774501r2019-12-31 00:00:00w2019-12-31yLIBRO